| 000 | 01496cam a22003615i 4500 | ||
|---|---|---|---|
| 999 |
_c27735 _d27706 |
||
| 001 | 017385726 | ||
| 003 | EG-ScBUE | ||
| 005 | 20191106095722.0 | ||
| 008 | 150605t2016 enka f b 001 0 eng d | ||
| 020 | _a9781292096858 (paperback) | ||
| 020 | _a1292096853 (paperback) | ||
| 040 |
_aUk _beng _erda _cUk _dEG-ScBUE |
||
| 082 | 0 | 4 |
_a004.22 _bSTA _222 |
| 100 | 1 |
_aStallings, William, _eauthor. |
|
| 245 | 1 | 0 |
_aComputer organization and architecture : _bdesigning for performance / _cWilliam Stallings ; with contributions by Peter Zeno, University of Bridgeport ; with foreword by Chris Jesshope, Professor (emeritus), University of Amsterdam. |
| 250 | _aTenth edition. | ||
| 250 | _aGlobal edition. | ||
| 264 | 1 |
_aHarlow : _bPearson Education, _c[2016] |
|
| 264 | 4 | _cc2016 | |
| 300 |
_a857 pages : _billustrations (black and white) ; _c24 cm |
||
| 336 |
_atext _2rdacontent _btxt |
||
| 337 |
_aunmediated _2rdamedia _bn |
||
| 338 |
_avolume _2rdacarrier _bnc |
||
| 500 | _aAuthorized adaptation from the United States edition entitled: Computer organization and architecture: designing for performance, 10th edition / William Stallings. 2016. | ||
| 504 | _aIncludes bibliographical references and index. | ||
| 650 | 7 |
_aComputer organization. _2BUEsh |
|
| 650 | 7 |
_aComputer architecture. _2BUEsh |
|
| 653 |
_bENGARC _bCOMSCI _cNovember2019 |
||
| 655 | _vText book | ||
| 700 | 1 |
_aZeno, Peter, _econtributor. |
|
| 700 | 1 |
_aJesshope, Chris, _eauthor of introduction, etc. |
|
| 942 |
_2ddc _cBB |
||